Responses for show #2188 - Wednesday, February 23, 1994

1994 Teen Tournament semifinal game 3.

Contestants

[<< previous game]

Paul Loeffler, a senior from Los Banos, California

Felicia Wu, a senior from Warminster, Pennsylvania

Jesse Irwin, a senior from Orange, Connecticut

[next game >>]

Jeopardy! Round responses

THE 50 STATES
HEARTTHROBS
ANIMAL A.K.A.
COLORS
THE CIVIL WAR
CHOICES
    $100 7
Minnesota

Jesse
    $100 26
Aladdin

Paul
    $100 16
a possum (opossum)

Paul
    $100 17
red & green

Paul
    $100 2
Robert E. Lee

Jesse
    $100 14
To be or not to be

Jesse
    $200 8
Michigan

Jesse
    $200 12
Melrose Place

Paul
    $200 19
(Paul: What is a leopard?)

a cougar

Paul
Triple Stumper
    $200 3
pink

Paul
    $200 4
Jeff Davis

Jesse
    $200 18
52

Paul
    $300 9
Tennessee

Felicia
    $300 28
Evening Shade

Paul
    $300 20
the muskrat

Jesse
    $300 1
gold

Paul
    $300 5
Andrew Johnson

Felicia
    $300 15
evils

Paul
    $600 10
North Carolina

Felicia
    $400 29
Dr. Quinn, Medicine Woman

Paul
    $400 25
a daddy long-legs

Paul
    $400 23
yellow

Paul
    $400 6
cotton

Paul
    $400 21
Give me liberty or give me death

Felicia
    $500 11
Iowa

Jesse
    $500 30
Fabio

Jesse
    $500 27
the German shepherd

Triple Stumper
    $500 24
(Jesse: What is taupe?)

tawny

Jesse
Triple Stumper
    $500 13
Grant

Paul
    $500 22
in-flight meals

Jesse

Scores at the first commercial break (after clue 15):

Jesse Felicia Paul
$1,200 $1,200 $1,900

Scores at the end of the Jeopardy! Round:

Jesse Felicia Paul
$2,000 $1,600 $3,700

Double Jeopardy! Round responses

THE HUMAN BODY
QUOTATIONS
U.S. GOVERNMENT
IN THE BALLPARK
WOMEN AUTHORS
FAMOUS FALLS
    $200 21
the legs

Paul
    $200 6
South Africa

Paul
    $200 16
Agriculture

Jesse
    $200 7
Wrigley Field

Jesse
    $200 1
Margaret Mitchell

Paul
    $200 22
Niagara Falls

Jesse
    $400 23
the brain

Paul
    $400 12
a lunch

Jesse
    $400 17
Warren Christopher

Jesse
    $400 8
Fenway Park

Jesse
    $400 2
Carrie Fisher

Jesse
    $400 27
Queen Victoria

Paul
    $600 24
the Adam's apple

Paul
    $600 13
problems

Felicia
    $600 18
the Congressional Record

Paul
    $600 9
(Charles) Comiskey

Jesse
    $600 3
Agatha Christie

Jesse
    $600 28
Scotland

Jesse
    $800 25
the eustachian tube

Paul
    $1,000 14
the Challenger explosion

Felicia
    $1,500 19
(Elizabeth) Dole

Paul
    $800 10
(Alex: His name is William [*]; hence [*] Stadium.)

(William) Shea

Triple Stumper
    $800 4
Pearl Buck

Paul
    $800 29
Switzerland

Jesse
    $1000 26
(Jesse: What is a tooth?)

the eyeball

Jesse
Triple Stumper
    $1000 15
John Marshall

Triple Stumper
    $1000 20
Commerce

Paul
    $1000 11
Hubert H. Humphrey

Paul
    $1000 5
L.M. Montgomery

Felicia
    $1000 30
Angel Falls

Jesse

Scores at the end of the Double Jeopardy! Round:

Jesse Felicia Paul
$6,800 $4,200 $11,400

[wagering suggestions for these scores]

Final Jeopardy! Round responses

HISTORIC CAPES
(Felicia: I have no idea.)
(Alex: ...well, maybe in the back of your mind, you remembered that the Victory was the flagship of Admiral Lord Nelson and he won the Battle of [*].)
...
(Alex: [To Paul] I've never heard of that cape...)
(Paul: Neither have I.)
[Laughter]
FeliciaWhat is Trafalgar?
$4,000
JesseWhat was Gibraltar
$6,800
PaulWhat is the Cape of Valencia
$2,201
Trafalgar

Final scores:

Jesse Felicia Paul
$0 $8,200 $9,199
3rd place: $5,000 2nd place: $5,000 Finalist

Game dynamics:

Coryat scores:

Jesse Felicia Paul
$6,800 $3,800 $10,700
21 R,
2 W
7 R
(including 2 DDs),
0 W
26 R
(including 1 DD),
1 W

Combined Coryat: $21,300

The J! Archive is created by fans, for fans. The Jeopardy! game show and all elements thereof, including but not limited to copyright and trademark thereto, are the property of Jeopardy Productions, Inc. and are protected under law. This website is not affiliated with, sponsored by, or operated by Jeopardy Productions, Inc. Join the discussion at JBoard.tv.